(17) - 50 villes les plus peuplées de Charente-Maritime (17) - Statistiques

Statistiques générales
  • Ce quiz a été pris 37 fois
  • Le résultat moyen est 21 sur 50
Statistiques - réponses
nombre d'habitant ville % Correct
79 851 La Rochelle
100%
23 460 Rochefort
100%
25 363 Saintes
96%
19 425 Royan
93%
6 897 Surgères
82%
6 784 Saint-Jean-d'Angély
79%
3 063 Saint-Jean-de-Liversay
79%
4 148 Fouras
75%
9 746 Aytré
71%
3 602 Jonzac
64%
6 653 Châtelaillon-Plage
61%
6 163 Marennes-Hiers-Brouage
61%
6 633 Saint-Pierre-d'Oléron
54%
4 343 Pons
50%
4 476 Marans
46%
5 092 Saint-Georges-de-Didonne
46%
4 067 Saint-Georges-d'Oléron
46%
4 240 Angoulins
43%
7 802 Lagord
43%
4 650 La Tremblade
43%
6 765 Puilboreau
43%
3 840 Saint-Palais-sur-Mer
43%
3 199 Dolus-d'Oléron
39%
3 458 La Jarrie
39%
6 315 Dompierre-sur-Mer
36%
4 677 Aigrefeuille-d'Aunis
32%
4 366 Le Château-d'Oléron
32%
7 440 Saujon
32%
8 289 Tonnay-Charente
32%
3 486 Bourcefranc-le-Chapus
29%
3 150 La Flotte
29%
3 222 Montendre
29%
5 811 Nieul-sur-Mer
29%
8 877 Périgny
29%
4 013 Vaux-sur-Mer
29%
3 917 Arvert
21%
3 651 Chaniers
21%
3 052 Gémozac
21%
3 176 Marsilly
21%
3 180 Meschers-sur-Gironde
21%
3 412 Sainte-Marie-de-Ré
21%
5 677 Saint-Xandre
21%
5 034 Sainte-Soulle
18%
3 446 Saint-Sulpice-de-Royan
18%
3 058 Breuillet
14%
3 765 Échillais
14%
3 000 L'Houmeau
14%
3 316 Soubise
14%
2 857 Étaules
11%
3 157 Médis
11%
Aucun quiz correspondant
Distribution des résultats
% des personnes avec chaque résultat
Percentile par nombre de réponses
Votre historique - résultats
Vous n’avez pas pris ce quiz